000 01362nam a2200349 i 4500
003 CO-CtgCURN
005 20250331185153.0
007 ta
007 ta
008 131205s2014 ck f b 000 0 spa d
020 _a9789588084183
040 _aCO-CtgCURN
_bspa
_ccoctgcurn
043 _as-ck---
082 0 4 _a614.253
_bA719
_221
100 1 _aAriza Olarte, Claudia.
245 1 0 _aLineamientos de Investigación en enfermeria /
_cClaudia Ariza Olarte, Angela María Salazar Maya; Consuelo Velez Alvarez; María Eugenia Pico Merchan; Fabiola Castellanos Soriano; Francia Esther Herrera Salazar.
260 _aBogotá :
_bAsociacion Colombiana de Facultades de Enfermeria. ACOFAEN,
_c2014.
300 _a42 paginas ;
_c22 cm.
336 _2rdacontent
337 _2rdamedia
_asin mediacion
_bn
338 _2rdacarrier
_avolumen
_bnc
504 _aIncluye referencias bibliograficas pp 40-42.
650 1 4 _aEnfermeria
_vInvestigación.
_2LEMB
700 1 _aSalazar Maya, Angela María.
700 1 _aVelez Alvarez, Consuelo.
700 1 _aPico Merchan, María Eugenia.
700 1 _aCastellanos Soriano, Fabiola.
700 1 _aHerrera Salazar, Francia Esther.
852 _920000
852 _920000
942 _cBK
_h614.253
_iA719
_2ddc
999 _c21925
_d21925